| 000 -LEADER | |
|---|---|
| fixed length control field | 00389nam a22001577a 4500 |
| 005 - DATE AND TIME OF LATEST TRANSACTION | |
| control field | 20160426141817.0 |
| 008 - FIXED-LENGTH DATA ELEMENTS--GENERAL INFORMATION | |
| fixed length control field | 160426b xxu||||| |||| 00| 0 eng d |
| 020 ## - INTERNATIONAL STANDARD BOOK NUMBER | |
| ISBN | 0-07-04-7387-0 |
| 041 ## - LANGUAGE CODE | |
| Language code of text/sound track or separate title | eng |
| 082 ## - DEWEY DECIMAL CLASSIFICATION NUMBER | |
| Item number | 00103 |
| 100 ## - MAIN ENTRY--AUTHOR NAME | |
| Personal name | Hillier, Fredecicks |
| 245 ## - TITLE STATEMENT | |
| Title | Introduction to Operations Research |
| 260 ## - PUBLICATION, DISTRIBUTION, ETC. (IMPRINT) | |
| Place of publication | New Delhi |
| Name of publisher | Tata MC Graw Hill, |
| Year of publication | 2004 |
| 300 ## - PHYSICAL DESCRIPTION | |
| Number of Pages | 1214 |
| 942 ## - ADDED ENTRY ELEMENTS (KOHA) | |
| Koha item type | Books |
| Lost status | Damaged status | Collection code | Home library | Current library | Shelving location | Date acquired | Cost, normal purchase price | Full call number | Accession Number | Koha item type |
|---|---|---|---|---|---|---|---|---|---|---|
| MANAGEMENT | JRU Library | JRU Library | 26/04/2016 | 525.00 | 658.4034 | 00103 | Books | |||
| MANAGEMENT | JRU Library | JRU Library | 26/04/2016 | 525.00 | 658.4034 | 00104 | Books | |||
| MANAGEMENT | JRU Library | JRU Library | 26/04/2016 | 525.00 | 658.4034 | 00105 | Books | |||
| MANAGEMENT | JRU Library | JRU Library | 26/04/2016 | 525.00 | 658.4034 | 00106 | Books | |||
| MANAGEMENT | JRU Library | JRU Library | 26/04/2016 | 525.00 | 658.4034 | 00107 | Books | |||
| MANAGEMENT | JRU Library | JRU Library | SHELF-77- A | 26/04/2016 | 495.00 | 658.4034 | 00108 | Books |